| 000 | 00582nam a2200181 4500 | ||
|---|---|---|---|
| 003 | CO-ViMGA | ||
| 020 | _a9788497328586 | ||
| 040 |
_aCO-ViMGA _bspa _cCO-ViMGA |
||
| 082 | 0 | 4 |
_a720 _bM67i |
| 100 | 1 |
_aMoro Vallina, Miguel _912234 |
|
| 245 | 1 | 0 |
_aInstalaciones Domóticas : _bInstalaciones Eléctricas y Automáticas / _cMiguel Moro Vallina |
| 260 |
_aMadrid : _bParaninfo, _c2011 |
||
| 300 |
_a190 p. _b+ CD Rom |
||
| 490 | _aciclos formativos | ||
| 650 | 1 | 4 |
_aArquitectura _xInnovaciones tecnológicas _912236 |
| 650 | 1 | 4 |
_aDomótica _xInstalaciones eléctricas _912235 |
| 942 |
_2ddc _cBK |
||
| 999 |
_c36980 _d36980 |
||